00242nam a2200097Ia 4500082000800000245002200008100002400030942003000054008004100084999001900125 aMAR 0aDal van die dood  aMaree, Naomi997392 cBKy296zPhillipina Naude210817s9999 xx 000 0 und d c414265d414264